Paroles - Alors on danse - Stromae - Statistiques

Statistiques générales
  • Ce quiz a été pris 572 fois
  • Le résultat moyen est 230 sur 279
Statistiques - réponses
Réponse % Correct
a
100%
Alors
99%
dans
99%
on
99%
danse
97%
Et
93%
et
93%
la
93%
93%
dit
92%
Dit
92%
de
91%
le
91%
Qui
91%
qui
91%
en
89%
les
89%
Les
89%
te
88%
Encore
85%
encore
85%
dis
83%
tu
83%
ça
81%
que
81%
travail
81%
ou
80%
argent
79%
ce
79%
créance
79%
plus
79%
problèmes
79%
taf
79%
y
79%
pour
78%
Quand
78%
quand
78%
crédit
76%
divorce
76%
merde
76%
chante
75%
dépenses
75%
étude
74%
pas
74%
tous
74%
c'est
73%
fini
73%
gosses
73%
ne
73%
oublier
73%
thunes
73%
mort
72%
enfin
71%
huissier
71%
serai
71%
Car
70%
pire
70%
seuls
69%
toujours
69%
viennent
69%
crois
68%
dette
68%
veille
67%
sors
66%
sort
66%
t'en
66%
assis
65%
amour
63%
puis
62%
monde
60%
tiers
59%
s'arrête
58%
fort
56%
lui
56%
tête
56%
famine
55%
musique
55%
bien
54%
Mais
54%
prend
54%
pries
54%
réveil
54%
tripes
53%
sourd
52%
ben
51%
cries
51%
fatigue
49%
oreilles
47%
ton
45%
bouches
44%
corps
40%
persiste
40%
ciel
39%
crise
34%
deuils
34%
proches
34%
seulement
26%
Est-ce
24%
zik
21%
Aucun quiz correspondant
Distribution des résultats
% des personnes avec chaque résultat
Percentile par nombre de réponses
Votre historique - résultats
Vous n’avez pas pris ce quiz